Responses for show #6355 - Friday, April 13, 2012

Contestants

Cat Still, an educational consultant from Los Angeles, California

Peter Allen, a high school chemistry teacher from Fresno, California

Judy Nichols, a mystery writer from Wilmington, North Carolina (whose 1-day cash winnings total $25,300)

Jeopardy! Round responses

1937
DOUBLE TALK
"E"ASY SCIENCE?
FIRST NAMES
HEY, U2!
GET A ROOM!
    $200 11
Popeye

Peter
    $200 30
Sing Sing

Cat
    $200 2
an embryo

Judy
    $200 12
Rex

Judy
    $200 1
Guinness

Peter
    $200 17
a wine cellar

Cat
    $400 26
the Hindenburg

Judy
    $400 23
a murmur

Peter
    $400 7
echo

Cat
    $400 13
Thomas

Judy
    $400 3
sunglasses

Judy
    $400 18
a boardroom

Cat
    $600 27
Joseph Kennedy

Judy
    $600 22
Circus Circus

Judy
    $600 8
ethyl

Cat
    $600 14
Grant

Cat
    $600 4
(Peter: What is "Zooropa"?)

"Zoo TV"

Peter
Triple Stumper
    $600 19
the greenroom

Judy
    $800 28
the Spanish Civil War

Triple Stumper
    $800 24
Boo-Boo

Cat
    $800 9
(Judy: What is epithelial?)

[Judy was initially ruled incorrect, but during the contestant interviews, it was deemed acceptable]

epidermis

JudyCat
    $800 15
(Peter: What is Angela?)

Brittany

JudyPeter
    $800 5
"With Or Without You" (or "I Still Haven't Found What I'm Looking For")

Peter
    $800 20
ante

Cat
    $1000 29
(Judy: Who was Tchaikovsky?)

Arturo Toscanini

Judy
Triple Stumper
    $1000 25
beriberi

Judy
    $1000 10
elasticity

Cat
    $1,000 16
(Judy: What is Baptiste?)

Renee

Judy
    $1000 6
Rattle and Hum

Peter
    $1000 21
a cubicle (or cube farm)

Peter

Scores at the first commercial break (after clue 15):

Judy Peter Cat
$2,800 $800 $3,400

Scores at the end of the Jeopardy! Round:

Judy Peter Cat
$4,000 $2,200 $5,800

Double Jeopardy! Round responses

ROLE IN COMMON
CANADA'S MARITIME PROVINCES
HARVARD ALUMNI
THE "KID" STAYS IN THE CATEGORY
POETS & POETRY
THE 100th ANNIVERSARY OF THE TITANIC
    $400 1
(Jacques) Clouseau

Cat
    $400 30
Halifax

Peter
    $400 17
Pakistan

Peter
    $400 12
Cabbage Patch Kids

Peter
    $400 7
a secret

Judy
    $400 6
New York

Peter
    $800 2
(Norman) Bates

Cat
    $800 24
(Cat: What are strawberries?)

potatoes

Cat
Triple Stumper
    $800 18
(Cat: Who is Geitner?)

(Ben) Bernanke

PeterCat
    $800 13
(Peter: What are Cabbage Patch Kids? No...)
(Alex: No. Sorry.)
(Peter: What are [*]?)
...
(Alex: Yes...I ruled on you, Peter.)
(Cat: Sorry, Peter.)

Sour Patch Kids

PeterCat
    $800 8
Dorothy Parker

Cat
    $800 22
John Jacob Astor

Cat
    $1200 3
(Howard) Hughes

Peter
    $2,000 25
(Cat: What is LeNord?)

Acadia (Acadie)

Cat
    $1200 19
(Conan) O'Brien

Cat
    $1200 14
Kids Say The Darndest Things

Peter
    $1200 9
a rose

Judy
    $4,000 23
(Cat: What is the Lusitania?)

the Carpathia

Cat
    $1600 4
Lois Lane

Peter
    $1600 26
dual-language / bilingual

Cat
    $1600 20
(Ben) Bradlee

Cat
    $1600 15
(Alex: They were known as [*].)

the Whiz Kids

Triple Stumper
    $1600 10
Ann Rutledge

Triple Stumper
    $1600 28
Nearer My God To Thee

Judy
    $2000 5
Andy Warhol

Cat
    $2000 27
a schooner

Peter
    $2000 21
Elizabeth Dole

Judy
    $2000 16
the Yellow Kid

Judy
    $2000 11
(Peter: What is the faith?)

the Sabbath

JudyPeter
    $2000 29
(Peter: Who is Carnegie?)

J.P. Morgan

Peter
Triple Stumper

Scores at the end of the Double Jeopardy! Round:

Judy Peter Cat
$13,200 $5,800 $8,200

[wagering suggestions for these scores]

Final Jeopardy! Round responses

WORD ORIGINS
PeterWhat is a loop hole?
$4,201
CatWhat is a loop hole?
$3,401
JudyWhat is a loop hole?
$8,000
a loop hole

Final scores:

Judy Peter Cat
$21,200 $10,001 $11,601
2-day champion: $46,500 3rd place: $1,000 2nd place: $2,000

Game dynamics:

Coryat scores:

Judy Peter Cat
$14,200 $5,800 $14,200
17 R,
2 W
(including 1 DD)
15 R,
5 W
19 R,
4 W
(including 2 DDs)

Combined Coryat: $34,200

The J! Archive is created by fans, for fans. The Jeopardy! game show and all elements thereof, including but not limited to copyright and trademark thereto, are the property of Jeopardy Productions, Inc. and are protected under law. This website is not affiliated with, sponsored by, or operated by Jeopardy Productions, Inc. Join the discussion at JBoard.tv.